[Event "GER-ch U18 Girls"]
[Site "Oberhof"]
[Date "2013.05.21"]
[Round "4"]
[White "Schaetz, Bianca"]
[Black "Liez, Franziska"]
[Result "0-1"]
[WhiteElo "1832"]
[BlackElo "1844"]
[PlyCount "112"]
[EventDate "2013.05.19"]
[EventType "swiss"]
[EventRounds "9"]
[EventCountry "GER"]
[SourceTitle "CBM 154 Extra"]
[Source "ChessBase"]
[SourceDate "2013.06.25"]
[SourceVersion "2"]
[SourceVersionDate "2013.06.25"]
[SourceQuality "1"]

1. e4 e5 2. Nf3 Nc6 3. d4 exd4 4. Nxd4 Bc5 5. Be3 Bb6 6. Nf5 Qf6 7. Nc3 Nge7 8. Bxb6 axb6 9. Ne3 0-0 10. g3 d6 11. Bg2 Be6 12. 0-0 Qg6 13. Ncd5 Bxd5 14. exd5 Ne5 15. f4 Nd7 16. Qf3 Nf5 17. Nxf5 Qxf5 18. c3 Nf6 19. a3 Rfe8 20. h3 Qe4 21. Qf2 Qc4 22. Rfe1 Nxd5 23. Rxe8+ Rxe8 24. Re1 Rxe1+ 25. Qxe1 Kf8 26. Qb1 g6 27. f5 c6 28. fxg6 hxg6 29. Qc1 Kg7 30. h4 Qc5+ 31. Kh1 Nf6 32. Qd2 Qe5 33. Qf2 b5 34. Kg1 Ng4 35. Qd4 Qxd4+ 36. cxd4 Ne3 37. Bh3 f5 38. Kf2 Nd1+ 39. Kf3 Nxb2 40. g4 fxg4+ 41. Bxg4 Nc4 42. Bc8 Na5 43. Kg4 Kf6 44. h5 gxh5+ 45. Kxh5 Nb3 46. Bxb7 Nxd4 47. Kg4 Ke5 48. Kg3 c5 49. Ba6 d5 50. Kf2 c4 51. Ke3 Nf5+ 52. Kd2 Nd6 53. Bxb5 Nxb5 54. a4 Nd4 55. Kc3 Nb3 56. Kb4 Kd4 0-1

[Event "GER-chT Lands U20"]
[Site "Hannover"]
[Date "2012.10.02"]
[Round "6.5"]
[White "Schaetz, Bianca"]
[Black "Duessler, Stefanie"]
[Result "0-1"]
[WhiteElo "1864"]
[BlackElo "2011"]
[PlyCount "82"]
[EventDate "2012.09.29"]
[EventType "team-swiss"]
[EventRounds "7"]
[EventCountry "GER"]
[SourceTitle "CBM 150 Extra"]
[Source "ChessBase"]
[SourceDate "2012.10.19"]
[SourceVersion "1"]
[SourceVersionDate "2012.10.19"]
[SourceQuality "1"]
[WhiteTeam "Thueringen"]
[BlackTeam "Niedersachsen"]
[WhiteTeamCountry "GER"]
[BlackTeamCountry "GER"]

1. e4 c5 2. Nf3 e6 3. d4 cxd4 4. Nxd4 Nc6 5. Nb5 d6 6. c4 Nf6 7. N1c3 a6 8. Na3 Be7 9. Be3 0-0 10. Be2 b6 11. 0-0 Bb7 12. f3 Re8 13. Qd2 d5 14. cxd5 exd5 15. exd5 Nb4 16. d6 Bxd6 17. Rfd1 Nbd5 18. Nxd5 Nxd5 19. Bf2 Bb4 20. Qd3 Qg5 21. h4 Qf6 22. Bf1 Rad8 23. Qd4 Qe7 24. Qe4 Qf6 25. Qd4 Qc6 26. Qc4 Qd6 27. Nc2 Ba5 28. a3 b5 29. Qg4 Bc7 30. g3 Bb6 31. Bxb6 Qxb6+ 32. Qd4 Qg6 33. Qf2 Nf4 34. Nd4 h6 35. Kh2 Nh5 36. Rd2 Qb6 37. Re1 Rxe1 38. Qxe1 Rxd4 39. Qe8+ Kh7 40. Bd3+ Rxd3 41. Rxd3 Qf2+ 0-1

[Event "GER-chT Lands U20"]
[Site "Hannover"]
[Date "2012.10.01"]
[Round "4.5"]
[White "Rogozenco, Teodora Nana"]
[Black "Schaetz, Bianca"]
[Result "0-1"]
[WhiteElo "1678"]
[BlackElo "1864"]
[PlyCount "98"]
[EventDate "2012.09.29"]
[EventType "team-swiss"]
[EventRounds "7"]
[EventCountry "GER"]
[SourceTitle "CBM 150 Extra"]
[Source "ChessBase"]
[SourceDate "2012.10.19"]
[SourceVersion "1"]
[SourceVersionDate "2012.10.19"]
[SourceQuality "1"]
[WhiteTeam "Hamburg"]
[BlackTeam "Thueringen"]
[WhiteTeamCountry "GER"]
[BlackTeamCountry "GER"]

1. d4 d5 2. c4 e6 3. Nc3 Nf6 4. cxd5 exd5 5. Bf4 Bd6 6. Bxd6 Qxd6 7. e3 0-0 8. Bd3 b6 9. Nf3 a6 10. 0-0 Bb7 11. Qc2 Nbd7 12. Rac1 Rac8 13. Qe2 Ra8 14. Rfd1 Ne4 15. Qc2 Ndf6 16. h3 Rac8 17. Qe2 Nxc3 18. Rxc3 Ne4 19. Rc2 a5 20. Rdc1 h6 21. Ba6 Bxa6 22. Qxa6 c5 23. dxc5 Rxc5 24. Rxc5 Nxc5 25. Qb5 Rd8 26. Nd4 Qf6 27. Qc6 Rd6 28. Qc8+ Kh7 29. Qf5+ Qxf5 30. Nxf5 Rf6 31. Nd4 Nd3 32. Rc2 Nb4 33. Rd2 Nxa2 34. Nc2 Rc6 35. Kf1 Rc5 36. Ke1 Kg6 37. Kd1 Kf6 38. Rd3 Rxc2 39. Kxc2 Nb4+ 40. Kc3 Nxd3 41. Kxd3 Ke5 42. f4+ Kd6 43. Kd4 f5 44. g4 g6 45. Kd3 Kc5 46. Kc2 Kc4 47. b3+ Kb4 48. Kd3 Kxb3 49. h4 h5 0-1

[Event "GER-chT Lands U20"]
[Site "Hannover"]
[Date "2012.09.30"]
[Round "3.5"]
[White "Schaetz, Bianca"]
[Black "Sabirov, Ramil"]
[Result "1/2-1/2"]
[WhiteElo "1864"]
[BlackElo "1908"]
[PlyCount "78"]
[EventDate "2012.09.29"]
[EventType "team-swiss"]
[EventRounds "7"]
[EventCountry "GER"]
[SourceTitle "CBM 150 Extra"]
[Source "ChessBase"]
[SourceDate "2012.10.19"]
[SourceVersion "1"]
[SourceVersionDate "2012.10.19"]
[SourceQuality "1"]
[WhiteTeam "Thueringen"]
[BlackTeam "Nordrhein Westfalen"]
[WhiteTeamCountry "GER"]
[BlackTeamCountry "GER"]

1. e4 c5 2. Nf3 e6 3. d4 cxd4 4. Nxd4 a6 5. Bd3 Nf6 6. 0-0 Qc7 7. c4 Be7 8. Nc3 b6 9. Be3 Bb7 10. f3 d6 11. Qd2 Nbd7 12. Be2 0-0 13. a4 Rac8 14. a5 Rfd8 15. Rfc1 bxa5 16. Nb3 Rb8 17. Nxa5 Ba8 18. Nd5 exd5 19. cxd5 Nc5 20. b4 Nfd7 21. bxc5 Nxc5 22. Bxa6 Bf6 23. Ra2 Qe7 24. Bf1 Nb3 25. Nxb3 Rxb3 26. Rac2 Bxd5 27. Rc7 Qe5 28. Bf4 Qd4+ 29. Qxd4 Bxd4+ 30. Kh1 Be6 31. Bc4 Bxc4 32. R7xc4 Be5 33. Rc8 Rb8 34. Rxd8+ Rxd8 35. Be3 h6 36. Kg1 g5 37. Rd1 Kf8 38. h4 f6 39. hxg5 hxg5 1/2-1/2

[Event "GER-chT DLM U20"]
[Site "Wismar"]
[Date "2009.09.30"]
[Round "1"]
[White "Schaetz, Bianca"]
[Black "Xu, Xianliang"]
[Result "0-1"]
[WhiteElo "1674"]
[BlackElo "1961"]
[PlyCount "50"]
[EventDate "2009.09.30"]
[EventType "team-swiss"]
[EventRounds "7"]
[EventCountry "GER"]
[SourceTitle "CBM 132 Extra"]
[Source "ChessBase"]
[SourceDate "2009.11.03"]
[SourceVersion "1"]
[SourceVersionDate "2009.11.03"]
[SourceQuality "1"]
[WhiteTeam "Thueringen U20"]
[BlackTeam "Wuerttemberg U20"]
[WhiteTeamCountry "GER"]
[BlackTeamCountry "GER"]

1. e4 d5 2. exd5 Qxd5 3. Nc3 Qa5 4. d4 c6 5. Nf3 Nf6 6. Bd2 Bf5 7. Bc4 e6 8. Qe2 Bb4 9. 0-0-0 Nbd7 10. Ne5 Nxe5 11. dxe5 Nd5 12. Nxd5 Bxd2+ 13. Rxd2 cxd5 14. Bb3 b5 15. g4 Bg6 16. Rf1 Qb6 17. f4 Be4 18. f5 0-0 19. f6 a5 20. a4 bxa4 21. Bxa4 Rab8 22. c3 Rfc8 23. b3 Rxc3+ 24. Kd1 Rbc8 25. Qb5 Qe3 0-1

[Event "GER-ch U14 Girls"]
[Site "Willingen"]
[Date "2009.06.05"]
[Round "8"]
[White "Schaefer, Daniela"]
[Black "Schaetz, Bianca"]
[Result "1/2-1/2"]
[WhiteElo "1905"]
[BlackElo "1458"]
[PlyCount "71"]
[EventDate "2009.05.30"]
[EventType "swiss"]
[EventRounds "9"]
[EventCountry "GER"]
[SourceTitle "EXT 2010"]
[Source "ChessBase"]
[SourceDate "2010.11.25"]
[SourceVersion "1"]
[SourceVersionDate "2010.11.25"]
[SourceQuality "1"]

1. e4 c5 2. Nf3 Nc6 3. Bb5 g6 4. 0-0 Bg7 5. c3 a6 6. Bxc6 dxc6 7. d3 e5 8. Be3 b6 9. h3 Ne7 10. Qe2 0-0 11. Nbd2 Qc7 12. Ne1 f5 13. exf5 Nxf5 14. Nef3 Re8 15. Bf4 Bd7 16. Bh2 Re7 17. g4 Nh6 18. d4 cxd4 19. cxd4 Rae8 20. dxe5 Qb7 21. Nc4 Nf7 22. Rad1 b5 23. Nd6 Nxd6 24. Rxd6 Be6 25. Nd2 Bxa2 26. b3 Bxe5 27. Bxe5 Rxe5 28. Qd3 c5 29. Qc2 Rd5 30. Rxd5 Qxd5 31. Qxa2 Re2 32. Qxa6 Rxd2 33. Qxb5 Rd3 34. Qe8+ Kg7 35. Qe7+ Kg8 36. Qe8+ 1/2-1/2

[Event "GER-ch U14 Girls"]
[Site "Willingen"]
[Date "2009.06.03"]
[Round "7"]
[White "Schaetz, Bianca"]
[Black "Pohl, Theresa"]
[Result "1/2-1/2"]
[WhiteElo "1458"]
[BlackElo "1700"]
[PlyCount "90"]
[EventDate "2009.05.30"]
[EventType "swiss"]
[EventRounds "9"]
[EventCountry "GER"]
[SourceTitle "EXT 2010"]
[Source "ChessBase"]
[SourceDate "2010.11.25"]
[SourceVersion "1"]
[SourceVersionDate "2010.11.25"]
[SourceQuality "1"]

1. d4 Nf6 2. c4 g6 3. Nc3 Bg7 4. e4 d6 5. Be2 0-0 6. Bg5 c5 7. d5 Na6 8. Qd2 Bd7 9. f3 Nc7 10. g4 Nce8 11. Nh3 h5 12. Nf2 Kh7 13. h3 Rh8 14. Nd3 Kg8 15. Nf2 a6 16. Rb1 b5 17. cxb5 axb5 18. a3 Rb8 19. 0-0 b4 20. axb4 Rxb4 21. Nd3 Rb8 22. Nf2 hxg4 23. hxg4 Nc7 24. Kg2 Qf8 25. Rh1 e6 26. Rxh8+ Bxh8 27. dxe6 Nxe6 28. Be3 Bg7 29. Nh3 Bc6 30. Nf4 Nc7 31. Bc4 Rb4 32. Nxg6 Qe8 33. Ba2 Nxe4 34. Nxe4 Bxe4 35. fxe4 Qxe4+ 36. Kf2 Qxg6 37. g5 Qxb1 38. Bxb1 Rxb2 39. Bc2 Nb5 40. Kf3 Na3 41. Qxd6 Nxc2 42. Qd8+ Kh7 43. Qd3+ Kg8 44. Qd8+ Kh7 45. Qd3+ Kg8 1/2-1/2

[Event "GER-ch U14 Girls"]
[Site "Willingen"]
[Date "2009.06.02"]
[Round "4"]
[White "Schaetz, Bianca"]
[Black "Kuehnel, Lena"]
[Result "1/2-1/2"]
[WhiteElo "1458"]
[BlackElo "1728"]
[PlyCount "117"]
[EventDate "2009.05.30"]
[EventType "swiss"]
[EventRounds "9"]
[EventCountry "GER"]
[SourceTitle "EXT 2010"]
[Source "ChessBase"]
[SourceDate "2010.11.25"]
[SourceVersion "1"]
[SourceVersionDate "2010.11.25"]
[SourceQuality "1"]

1. d4 d5 2. Nf3 Nf6 3. e3 e6 4. Bd3 Nbd7 5. b3 Bd6 6. Bb2 0-0 7. 0-0 c5 8. Ne5 Be7 9. Nd2 Nxe5 10. dxe5 Nd7 11. f4 f5 12. Rf2 Qe8 13. g4 g6 14. Rg2 Kh8 15. gxf5 gxf5 16. Qf3 b6 17. Qg3 Rg8 18. Qxg8+ Qxg8 19. Rxg8+ Kxg8 20. Nf3 h6 21. Kf2 Kf7 22. Rg1 Bb7 23. Be2 Rg8 24. Rxg8 Kxg8 25. Kg3 Kg7 26. Nh4 Nf8 27. Ba1 Ng6 28. Nxg6 Kxg6 29. Bb2 Bc6 30. a4 Kf7 31. Bh5+ Kf8 32. Be2 Ke8 33. Kf2 Bh4+ 34. Kf1 Kd7 35. Bd3 Kc7 36. Ba3 Be7 37. Ke1 Kb7 38. Kd2 a6 39. Bb2 b5 40. axb5 axb5 41. Bf1 Bh4 42. h3 Bd8 43. c3 Kb6 44. b4 Be7 45. Ba3 c4 46. Be2 Be8 47. Ke1 Bh4+ 48. Kf1 Kc7 49. Bc1 Kd7 50. Bd2 Ke7 51. Be1 Bxe1 52. Kxe1 Kf7 53. Bh5+ Kf8 54. Bxe8 Kxe8 55. Kf2 Kf7 56. Kg3 Kg6 57. Kh4 Kg7 58. Kh5 Kh7 59. Kh4 1/2-1/2

[Event "GER-ch Schools U18 Girls"]
[Site "Germany"]
[Date "2009.05.18"]
[Round "7.3"]
[White "Schaetz, Bianca"]
[Black "Kuenstler, Tabea"]
[Result "1/2-1/2"]
[WhiteElo "1458"]
[BlackElo "1106"]
[PlyCount "86"]
[EventDate "2009.05.16"]
[EventType "team-swiss"]
[EventRounds "7"]
[EventCountry "GER"]
[SourceTitle "EXT 2011"]
[Source "ChessBase"]
[SourceDate "2010.11.26"]
[SourceVersion "1"]
[SourceVersionDate "2010.11.26"]
[SourceQuality "1"]
[WhiteTeam "Arnstadt StG (W)"]
[BlackTeam "Aschaffenburg FDG (W)"]
[WhiteTeamCountry "GER"]
[BlackTeamCountry "GER"]

1. e4 e6 2. d4 d5 3. Nd2 Nf6 4. e5 Nfd7 5. Bd3 c5 6. c3 cxd4 7. cxd4 Bb4 8. Ne2 Qb6 9. 0-0 Bxd2 10. Qxd2 Nc6 11. Bc2 Qb4 12. Rd1 Qxd2 13. Bxd2 0-0 14. a3 f6 15. exf6 Nxf6 16. Bf4 Bd7 17. Bg3 Rac8 18. Rac1 Be8 19. Nc3 a6 20. Na4 Nd7 21. Nc3 b5 22. Ne2 Bh5 23. f3 Na5 24. b3 Rc6 25. Be1 Rfc8 26. Bxh7+ Kxh7 27. Bxa5 Rxc1 28. Rxc1 Rxc1+ 29. Nxc1 Nb8 30. Kf2 Nc6 31. Bc3 Kg6 32. Nd3 Kf6 33. Nc5 a5 34. b4 axb4 35. axb4 Bg6 36. Ke3 Be8 37. Na6 Ne7 38. Nc5 Nf5+ 39. Kf2 Nd6 40. Nd3 Nc4 41. g3 g5 42. f4 g4 43. Nc5 Kf5 1/2-1/2

[Event "GER-chT WK U18 4th"]
[Site "Kiel"]
[Date "2008.05.31"]
[Round "3.2"]
[White "Schaetz, Bianca"]
[Black "Herbst, Timothy"]
[Result "1-0"]
[WhiteElo "1413"]
[BlackElo "1249"]
[PlyCount "118"]
[EventDate "2008.05.31"]
[EventType "team-swiss"]
[EventRounds "7"]
[EventCountry "GER"]
[SourceTitle "EXT 2010"]
[Source "ChessBase"]
[SourceDate "2010.11.25"]
[SourceVersion "1"]
[SourceVersionDate "2010.11.25"]
[SourceQuality "1"]

1. e4 c5 2. d3 d6 3. f4 Nc6 4. Nf3 Bg4 5. h3 Bxf3 6. Qxf3 Nf6 7. Be3 g6 8. Nc3 Bg7 9. g3 Qb6 10. Rb1 Nd7 11. Bd2 Nd4 12. Qd1 0-0 13. Bg2 Nf6 14. 0-0 Nh5 15. Kh2 e5 16. f5 Nf6 17. Ne2 Rac8 18. Nxd4 cxd4 19. c4 Qd8 20. b3 Qd7 21. Qc1 b5 22. Bh6 Rc7 23. Bxg7 Kxg7 24. fxg6 hxg6 25. Qg5 Qe6 26. cxb5 Rh8 27. Kg1 Rc2 28. Rf2 Rh5 29. Qxf6+ Qxf6 30. Rxf6 Kxf6 31. a4 Rg5 32. g4 Ke6 33. b4 f5 34. Bf3 fxg4 35. Bxg4+ Ke7 36. Kf1 Rh2 37. Rb3 Kd8 38. a5 Kc7 39. Ke1 Kb7 40. Kd1 a6 41. b6 Rh1+ 42. Kc2 Rh2+ 43. Kb1 Rh1+ 44. Kb2 Rf1 45. b5 Rf8 46. bxa6+ Kxa6 47. b7 Rb8 48. Rb6+ Kxa5 49. Rxd6 Rxb7+ 50. Ka3 Rb6 51. Rxb6 Kxb6 52. Kb4 Kc6 53. Kc4 Kd6 54. Kb5 Ke7 55. Kc6 Rh5 56. Bxh5 gxh5 57. Kd5 h4 58. Kxe5 Kf7 59. Kd6 Kf6 1-0

[Event "GER-chT Lands U20"]
[Site "Verden an der Aller"]
[Date "2007.10.03"]
[Round "7.8"]
[White "Schaetz, Bianca"]
[Black "Schmitt, Katrin"]
[Result "1/2-1/2"]
[WhiteElo "1108"]
[BlackElo "1430"]
[PlyCount "78"]
[EventDate "2007.09.29"]
[EventType "team-swiss"]
[EventRounds "7"]
[EventCountry "GER"]
[SourceTitle "CBM 120 Extra"]
[Source "ChessBase"]
[SourceDate "2007.11.01"]
[SourceVersion "1"]
[SourceVersionDate "2007.11.01"]
[SourceQuality "1"]
[WhiteTeam "Thueringen"]
[BlackTeam "Baden"]
[WhiteTeamCountry "GER"]
[BlackTeamCountry "GER"]

1. e4 e5 2. Nf3 Nc6 3. Bc4 Bc5 4. c3 Nf6 5. d3 h6 6. Bb3 d6 7. h3 Be6 8. Nbd2 0-0 9. Nf1 Bb6 10. Ng3 d5 11. Qe2 d4 12. Bxe6 fxe6 13. c4 Qe7 14. 0-0 Qf7 15. a3 a5 16. Bd2 a4 17. Nh2 Qg6 18. Ng4 Nxg4 19. Qxg4 Qxg4 20. hxg4 Ba5 21. Bc1 Rf7 22. g5 hxg5 23. Bxg5 Bb6 24. Ne2 Na5 25. Nc1 Bc5 26. f3 Be7 27. Bxe7 Rxe7 28. Kf2 Kf7 29. Kg3 Kg6 30. Rb1 c6 31. b4 axb3 32. Nxb3 Nxb3 33. Rxb3 Rd7 34. Ra1 Kg5 35. a4 Re7 36. a5 Rd7 37. Rb6 Rc7 38. a6 bxa6 39. Raxa6 Rxa6 1/2-1/2

[Event "GER-chT Lands U20"]
[Site "Verden an der Aller"]
[Date "2007.09.29"]
[Round "1.8"]
[White "Schaetz, Bianca"]
[Black "Schaefer, Daniela"]
[Result "0-1"]
[WhiteElo "1108"]
[BlackElo "1569"]
[PlyCount "80"]
[EventDate "2007.09.29"]
[EventType "team-swiss"]
[EventRounds "7"]
[EventCountry "GER"]
[SourceTitle "CBM 120 Extra"]
[Source "ChessBase"]
[SourceDate "2007.11.01"]
[SourceVersion "1"]
[SourceVersionDate "2007.11.01"]
[SourceQuality "1"]
[WhiteTeam "Thueringen"]
[BlackTeam "Wuerttemberg"]
[WhiteTeamCountry "GER"]
[BlackTeamCountry "GER"]

1. e4 g6 2. d4 Bg7 3. Nf3 d6 4. Nc3 Nf6 5. Be3 0-0 6. Bd3 Nbd7 7. h3 e5 8. dxe5 Nxe5 9. Nxe5 dxe5 10. Qd2 Be6 11. 0-0 Qe7 12. a3 Rfd8 13. Qe2 Rd7 14. Bg5 Rad8 15. Kh1 h6 16. Be3 Nh5 17. Qf3 Qh4 18. g4 Nf4 19. Bxf4 exf4 20. Kh2 Be5 21. Rab1 h5 22. gxh5 Bxh3 23. Kg1 Bxf1 24. Kxf1 Qxh5 25. Qxh5 gxh5 26. Kg2 Kf8 27. Kf3 Kg7 28. Nd5 Rd6 29. Nc3 c6 30. Rh1 Kh6 31. Ke2 Bd4 32. Kf3 Rg8 33. Rh2 b5 34. Nd1 Rg1 35. Nc3 a5 36. Rh4 Rg4 37. Rxg4 hxg4+ 38. Kxg4 Bxf2 39. Kxf4 Rf6+ 40. Ke5 Kg5 0-1